Ascendencia de famosos de Reino Unido (Parte 2) - Estadísticas

Estadísticas generales
  • Esta prueba ha sido intentada 26 veces
  • La puntuación promedio es 5 de 16
Estadísticas de respuestas
Imagen Hint Respuesta % Correcto
Freddie Mercury (ASIA) India
91%
Andrew Garfield (AMÉRICA) Estados Unidos
70%
Naomi Campbell (AMÉRICA) Jamaica
65%
Lewis Capaldi (EUROPA) Italia
43%
Geri Halliwell (EUROPA) España
35%
Stormzy (ÁFRICA) Ghana
30%
Beabadoobee (ASIA) Filipinas
26%
Theo James (EUROPA) Grecia
26%
Sacha Baron Cohen (ASIA) Israel
26%
Daniel Kaluuya (ÁFRICA) Uganda
26%
Helen Mirren (EUROPA) Rusia
22%
Leona Lewis (AMÉRICA) Guyana
17%
Stephen Graham (EUROPA) Suecia
17%
Slowthai (AMÉRICA) Barbados
13%
Dave Gahan (ASIA) Malasia
13%
Regé-Jean Page (ÁFRICA) Zimbabue
4%
No se encontraron pruebas coincidentes
Distribución de puntuación
Porcentaje de gente con cada puntuación
Porcentaje por número respondido
Historial de tus puntuaciones
No has intentado esta prueba.